000 00845nam a2200265Ia 4500
001 Z_6904
008 220601s9999 xx 000 0 und d
020 _a978-1-4051-2382-2 (rústica : papel alcalino)
082 _a636.208905 W43
100 _aWeaver, A. David
_9184556
245 _aBovine surgery an lameness / A. David Weaver, Guy St. Jean y Adrian Steiner
250 _a2a ed.
260 _aOxford, Reino Unido : Blackwell
300 _ax, 278 p.
503 _aej.1: consumo
504 _abibliografía: p. 259 - 260
650 _a1. Ganado vacuno -- Cirugía
650 _aCirugía veterinaria
_923436
700 _aSt. Jean, Guy, aut. \ Steiner, Adrian, aut.Ì
_9184558
901 _a636.208905 W43
902 _aM
905 _a523227 2005 xxkan 8212223322eng16
942 _c1
999 _c217182
_d217182